[Event "Chicago Open"]
[Site "Wheeling USA"]
[Date "2011.05.30"]
[Round "8"]
[White "Bercys,S"]
[Black "Holt,C"]
[Result "0-1"]
[WhiteElo "2468"]
[BlackElo "2417"]

1.e4 e6 2.d4 d5 3.Nd2 Be7 4.Bd3 c5 5.dxc5 Nf6 6.Qe2 O-O 7.Ngf3 a5 8.c3 Na6
9.e5 Nd7 10.Bxa6 Rxa6 11.b4 Ra8 12.O-O Qc7 13.Nb3 b6 14.cxb6 Nxb6 15.Nxa5 Ba6
16.b5 Na4 17.bxa6 Qxa5 18.Bd2 Rfc8 19.Rfc1 Rc4 20.Rab1 Qxa6 21.Be1 h6 22.h3 Qc8
23.Rb3 Re4 24.Qc2 Qa6 25.Rcb1 Nc5 26.Rb8+ Rxb8 27.Rxb8+ Bf8 28.Bd2 Nd7 29.Rd8 Qb7
30.Be3 Rc4 31.Bd4 g6 32.Qd2 Kg7 33.Be3 Kh7 34.Bd4 Bg7 35.Qf4 Nc5 36.h4 Nd3
37.Qe3 Qb1+ 38.Kh2 Ra4 39.Ng5+ hxg5 40.hxg5 Qd1 41.g4 Nxf2 42.Qxf2 Qxg4 43.Rd7 Qxg5
44.Rxf7 Kg8 45.Kh1 Ra8 46.Rf3 Bxe5 47.Bxe5 Qxe5 48.Kg2 Qe4 49.Kg3 g5 50.Qd4 Qxd4
51.cxd4 Rxa2 52.Rf6 Re2 53.Rg6+ Kf7 54.Rxg5 Re4 55.Rg4 Rxg4+ 56.Kxg4 Kg6
57.Kf4 Kf6 58.Kg4 e5 59.dxe5+ Kxe5 60.Kf3 Kd4  0-1

[Event "29th Liechtenstein Open"]
[Site "Triesen LIE"]
[Date "2011.06.01"]
[Round "6.12"]
[White "Frick,R"]
[Black "Kuhn,Th"]
[Result "1/2-1/2"]
[WhiteElo "2085"]
[BlackElo "2220"]

1.e4 e6 2.d4 d5 3.Nd2 Be7 4.Bd3 c5 5.dxc5 Nf6 6.Qe2 O-O 7.Ngf3 a5 8.O-O Nc6
9.c3 Nd7 10.Rd1 Nxc5 11.Bc2 Qc7 12.Nb3 Nxe4 13.Bxe4 dxe4 14.Qxe4 e5 15.Ng5 Bxg5
16.Bxg5 f6 17.Qc4+ Qf7  1/2-1/2

[Event "3rd Orissa Open"]
[Site "Bhubaneswar IND"]
[Date "2011.06.02"]
[Round "7"]
[White "Venkatesh,M"]
[Black "Murshed,N"]
[Result "1/2-1/2"]
[WhiteElo "2463"]
[BlackElo "2455"]

1.e4 e6 2.d4 d5 3.Nd2 Nc6 4.Ngf3 Nf6 5.e5 Nd7 6.Nb3 b6 7.c3 Be7 8.Bd3 a5
9.a4 Ba6 10.Bxa6 Rxa6 11.h4 Ra8 12.Ng5 Nf8 13.Qf3 f6 14.exf6 gxf6 15.Nh3 Kd7
16.Nf4 Kc8 17.h5 Kb7 18.Bd2 Bd6 19.O-O Rg8 20.Rfd1 Qd7 21.Rac1 Re8 22.Nd3 Qg7
23.c4 Qg4 24.Qxg4 Rxg4 25.c5 Be7  1/2-1/2

[Event "Haspa-Schachpokal 2011 GpA"]
[Site "Bargteheide GER"]
[Date "2011.06.03"]
[Round "3.2"]
[White "Feuerstack,A"]
[Black "Michna,C"]
[Result "1-0"]
[WhiteElo "2412"]
[BlackElo "2232"]

1.e4 e6 2.d4 d5 3.Nd2 Be7 4.Bd3 Nc6 5.Ngf3 Nb4 6.Be2 dxe4 7.Nxe4 Nf6 8.Nxf6+ Bxf6
9.c3 Nc6 10.Bf4 O-O 11.Qd2 b6 12.h4 Re8 13.O-O-O Bb7 14.Bd3 Ne7 15.Ng5 h6
16.Bh7+ Kf8 17.Bc2 Nd5 18.Nh7+ Kg8 19.Nxf6+ Nxf6 20.Rh3 Kf8 21.Ba4 c6 22.g4 Nd5
23.Be5 f6 24.Bh2 Ke7 25.c4 Nc7 26.g5 b5 27.gxf6+ gxf6 28.Rg1 e5 29.Bxe5 fxe5
30.Rg7+ Kd6 31.Qxh6+ Ne6 32.c5+ Kd5 33.Bb3+  1-0

[Event "18th Ratten Open"]
[Site "Ratten AUT"]
[Date "2011.06.03"]
[Round "3.1"]
[White "Seyfried,C"]
[Black "Flecker,W"]
[Result "1/2-1/2"]
[WhiteElo "2177"]
[BlackElo "2102"]

1.e4 e6 2.d4 d5 3.Nd2 Nc6 4.Ngf3 Nh6 5.Bd3 Be7 6.O-O dxe4 7.Nxe4 Nf5 8.c3 h6
9.Qe2 O-O 10.Rd1 Re8 11.h3 Bd7 12.Bf4 Rc8 13.b4 a6 14.a4 Bd6 15.Bxd6 Nxd6
16.Nc5 Ra8 17.b5 axb5 18.axb5 Rxa1 19.Rxa1 Ne7 20.Ne5 Bc8 21.Ra8 Nd5 22.Bc2 Qg5
23.Nf3 Qe7 24.c4 Nb6 25.Qd3 g6 26.Ra7 Nbxc4 27.Ra8 Nb6 28.Ra7 Nd5 29.Qd2 Kg7
30.Bd3 Qf6 31.Ne4 Qf4 32.Qe1 Nf6 33.Nxf6 Qxf6 34.Qc3 Qe7 35.Ne5 Nf5 36.Be4 Nd6
37.Bd3 Rd8 38.d5 Kh7 39.Ng4 e5 40.Nxe5 Re8 41.Nf3 Bd7 42.Qc5 Rc8 43.Rxb7 Qf6
44.Rxc7 Rxc7 45.Qxc7 Bxb5 46.Bxb5 Nxb5 47.Qd7 Nd6 48.Qc6 Qa1+ 49.Kh2 Qf6
50.Qc5 Qf4+ 51.Kg1 Qf6 52.Qd4 Kg7 53.Kf1 Nb5 54.Qe5 h5 55.Ke1 Qxe5+ 56.Nxe5 Kf6
57.Nc6 Kf5 58.Kd2 Ke4 59.Nd8 Nd6  1/2-1/2

[Event "5th Wunsiedel Open 2011"]
[Site "Wunsiedel GER"]
[Date "2011.06.03"]
[Round "4"]
[White "Singer,C"]
[Black "Stopa,Ja"]
[Result "1/2-1/2"]
[WhiteElo "2380"]
[BlackElo "2460"]

1.e4 e6 2.d4 d5 3.Nd2 Be7 4.c3 dxe4 5.Nxe4 Nd7 6.Nf3 Ngf6 7.Nxf6+ Nxf6 8.Bc4 O-O
9.O-O a6 10.a4 b6 11.Qe2 Bb7 12.Re1 c5 13.dxc5 Bxc5 14.Bg5 Qc7 15.Bxf6 gxf6
16.Bd3 Qf4 17.Be4 Bxe4 18.b4 Rfd8 19.Nd4 f5  1/2-1/2

[Event "TCh-FRA Top 12 2011"]
[Site "Mulhouse FRA"]
[Date "2011.06.04"]
[Round "10"]
[White "Naiditsch,A"]
[Black "Edouard,R"]
[Result "1/2-1/2"]
[WhiteElo "2716"]
[BlackElo "2602"]

1.e4 e6 2.d4 d5 3.Nd2 Be7 4.Bd3 c5 5.dxc5 Nf6 6.exd5 Qxd5 7.Ngf3 Nbd7 8.b4 a5
9.Bc4 Qh5 10.c3 Nd5 11.Bxd5 Qxd5 12.a4 b6 13.O-O bxc5 14.b5 Bb7 15.c4 Qf5
16.Bb2 O-O 17.Qb1 Qxb1 18.Rfxb1 Rfd8 19.Kf1 Nb6 20.Ke2 f6 21.Bc3 e5 22.Rd1 Bc8
23.Nb3 Nxc4 24.Rxd8+ Bxd8 25.Nxc5 Bb6 26.Nb3 Be6 27.Nfd2 Nxd2 28.Nxd2 Rc8
29.Rc1 Bd4 30.Nb1 Bb3 31.Kd2 Bxf2 32.Bxa5 Be3+ 33.Kxe3 Rxc1 34.Nc3 Rxc3+
35.Bxc3 Bxa4 36.b6 Bc6 37.g3 Kf7 38.h4 Ke6 39.Bb4 Kf5 40.Bf8 g5 41.hxg5 Kxg5
42.Be7 h5 43.Bd8 Kf5 44.Be7 Ke6  1/2-1/2

[Event "FSGM June"]
[Site "Budapest HUN"]
[Date "2011.06.08"]
[Round "5"]
[White "Vajda,Le"]
[Black "Contin,D"]
[Result "1-0"]
[WhiteElo "2510"]
[BlackElo "2310"]

1.e4 e6 2.d4 d5 3.Nd2 Nc6 4.Ngf3 Nf6 5.e5 Nd7 6.h4 f6 7.exf6 Qxf6 8.Nb3 a5
9.c3 Bd6 10.h5 O-O 11.h6 g6 12.Bg5 Qf7 13.Be3 a4 14.Nbd2 e5 15.Bb5 exd4 16.cxd4 a3
17.bxa3 Nf6 18.O-O Rxa3 19.Bxc6 bxc6 20.Ne5 Qe8 21.Re1 c5 22.Qc1 Qa4 23.Ndf3 c4
24.Ng5 Bf5 25.Re2 c5 26.Bf4 cxd4 27.Nxg6 Bxg6 28.Bxd6 Rc3 29.Qf4 d3 30.Bxf8 Nh5
31.Qb8 dxe2 32.Bb4+ Be8 33.Bxc3 Qd1+ 34.Kh2 Nf6 35.Bxf6 e1=Q 36.Rxd1  1-0

[Event "Zonal 3.4 Men"]
[Site "Tashkent UZB"]
[Date "2011.06.09"]
[Round "2.4"]
[White "Khamrakulov,D"]
[Black "Igambergenov,A"]
[Result "1-0"]
[WhiteElo "2490"]
[BlackElo "2255"]

1.e4 e6 2.d4 d5 3.Nd2 Be7 4.Bd3 c5 5.dxc5 Nf6 6.Qe2 O-O 7.Ngf3 a5 8.h4 Re8
9.Ng5 e5 10.exd5 Bg4 11.Bxh7+ Kh8 12.Bf5 Bxe2 13.Nxf7+ Kg8 14.Nxd8 Rxd8 15.Kxe2 Nxd5
16.Ne4 Na6 17.Bg5 Nf4+ 18.Kf3  1-0

[Event "Zonal 3.4 Men"]
[Site "Tashkent UZB"]
[Date "2011.06.10"]
[Round "3.1"]
[White "Dzhumaev,M"]
[Black "Filippov,An UZB"]
[Result "0-1"]
[WhiteElo "2489"]
[BlackElo "2613"]

1.e4 e6 2.d4 d5 3.Nd2 Nc6 4.c3 dxe4 5.Nxe4 e5 6.Nf3 exd4 7.Bc4 Be6 8.Bxe6 fxe6
9.cxd4 Bb4+ 10.Nc3 Qd7 11.O-O O-O-O 12.Bf4 Nge7 13.Rc1 Rhf8 14.Bg3 Nf5 15.Qb3 Nxg3
16.hxg3 Ba5 17.Rcd1 Rxf3 18.gxf3 Nxd4 19.Qa3 Bb6 20.Ne4 e5 21.Kg2 h5 22.Rh1 Qf5
23.Rd3 Re8 24.Qb4 Kb8 25.a4 a5 26.Qd2 Nxf3 27.Rxf3 Qxe4 28.Rh4 Qc6 29.Qc3 Qg6
30.Qc4 e4 31.Rc3 Rf8 32.Rc2 e3 33.fxe3 Re8 34.Rc3 Qb1 35.Rxh5 Qxb2+ 36.Rc2 Qf6
37.Qf4 Qg6 38.Qf5 Qd6 39.Qf4 Qd1 40.Rhc5 Bxc5 41.Rxc5 Qe2+ 42.Qf2 Qxe3 43.Qxe3 Rxe3
44.Rxa5 b6 45.Rf5 Re7 46.Kf3 Kb7 47.g4 c5 48.Rf4 Kc6 49.g5 Kd5 50.Rf8 c4
51.Rc8 Re6  0-1

[Event "Djakovacki vezovi Open A"]
[Site "Djakovo CRO"]
[Date "2011.06.11"]
[Round "5.7"]
[White "Ascic,P"]
[Black "Pandurevic,M"]
[Result "1-0"]
[WhiteElo "2303"]
[BlackElo "2286"]

1.e4 e6 2.d4 d5 3.Nd2 Nc6 4.Ngf3 Nf6 5.e5 Nd7 6.Nb3 f6 7.Bb5 a6 8.Bxc6 bxc6
9.O-O a5 10.Re1 a4 11.exf6 Nxf6 12.Nc5 Bxc5 13.dxc5 O-O 14.Qd4 Ne4 15.Be3 Ra5
16.Ne5 Qe8 17.b4 Ra8 18.f3 Nf6 19.Bd2 Ba6 20.Re3 Bb5 21.Rae1 Qe7 22.Bc3 Rae8
23.g4 Nd7 24.Nxc6 Qf7 25.Rxe6 Rxe6 26.Rxe6 Bxc6 27.Rxc6 Nf6 28.b5 Ne8 29.Qe3 Kh8
30.Bd4 a3 31.b6 cxb6 32.cxb6 Qb7 33.Re6 Nf6 34.Re7  1-0

[Event "DJEM U18"]
[Site "Oberhof GER"]
[Date "2011.06.12"]
[Round "1.4"]
[White "Frischmann,Rick"]
[Black "Berchtenbreiter,M"]
[Result "1/2-1/2"]
[WhiteElo "1936"]
[BlackElo "2284"]

1.e4 e6 2.d4 d5 3.Nd2 Be7 4.c3 c5 5.exd5 exd5 6.Ngf3 Nc6 7.dxc5 Bxc5 8.Bd3 Nf6
9.O-O O-O 10.h3 Bb6 11.Re1 Qd6 12.Nf1 d4 13.cxd4 Nxd4 14.Nxd4 Qxd4 15.Qe2 Qh4
16.Be3 Bxe3 17.Nxe3 Re8  1/2-1/2

[Event "DJEM U18 w"]
[Site "Oberhof GER"]
[Date "2011.06.12"]
[Round "2.3"]
[White "Stark,Sas"]
[Black "Bluebaum,J"]
[Result "1/2-1/2"]
[WhiteElo "2019"]
[BlackElo "1998"]

1.e4 e6 2.d4 d5 3.Nd2 Be7 4.Ngf3 Nf6 5.Bd3 c5 6.exd5 Qxd5 7.dxc5 Bxc5 8.O-O O-O
9.Qe2 Nc6 10.Bc4 Qh5 11.Ne4 Nxe4 12.Qxe4 e5 13.c3 Bb6 14.Bd5 Bf5 15.Qe2 e4
16.Nd4 Bg4 17.Qxe4 Rae8 18.Bxc6 Rxe4 19.Bxe4 Rd8 20.Be3 Rd7 21.Rfe1 Qh4 22.Bxb7 h6
23.Bc6 Rd6 24.Bb7 Rd7 25.Bc6  1/2-1/2

[Event "33rd MGU Open"]
[Site "Sofia,BUL"]
[Date "2011.06.12"]
[Round "4.6"]
[White "Nikolov,O"]
[Black "Stanchev,P"]
[Result "0-1"]
[WhiteElo "1855"]
[BlackElo "1849"]

1.e4 e6 2.d4 d5 3.Nd2 Nc6 4.Ngf3 Nf6 5.e5 Nd7 6.c3 f6 7.exf6 Nxf6 8.Bd3 Bd6
9.O-O O-O 10.Re1 Re8 11.Nf1 e5 12.dxe5 Nxe5 13.Nxe5 Bxe5 14.Bg5 Bd7 15.Ne3 c6
16.c4 d4 17.Bxf6 Qxf6 18.Ng4 Bxg4 19.Qxg4 Qf4 20.Qh5 g6 21.Qh3 Qf7 22.c5 Bf6
23.Rec1 Kg7 24.Bc4 Qc7 25.Re1 Re5 26.f4 Re7 27.f5 Rae8 28.Re6 Rxe6 29.fxe6 Qe5
30.b4 d3 31.Rd1 Qd4+ 32.Kh1 Qxc4 33.Qxd3 Qxd3 34.Rxd3 Rxe6  0-1

[Event "1st Forni Open"]
[Site "Forni di Sopra ITA"]
[Date "2011.06.14"]
[Round "3"]
[White "Codenotti,Marco"]
[Black "Matamoros Franco,C"]
[Result "0-1"]
[WhiteElo "2284"]
[BlackElo "2542"]

1.e4 e6 2.d4 d5 3.Nd2 Nc6 4.c3 e5 5.exd5 Qxd5 6.Ngf3 exd4 7.Bc4 Qh5 8.O-O Be6
9.Bxe6 fxe6 10.Nxd4 Qxd1 11.Rxd1 Nxd4 12.cxd4 Bd6 13.Nf3 h6 14.Re1 Kd7 15.Bd2 Nf6
16.Re2 Rhf8 17.Ne1 Nd5 18.Nd3 b6 19.Rae1 Rae8 20.Re4 a5 21.a4 Nb4 22.Bxb4 axb4
23.b3 Rf5 24.f4 Rd5 25.Rc1 Rf8 26.Rc4 Rdf5 27.g3 g5 28.fxg5 hxg5 29.Nxb4 Rf3
30.Nc6 Rxb3 31.Kg2 Rh8 32.h4 Rxg3+ 33.Kf2 gxh4 34.Ne5+ Bxe5 35.dxe5 Rg5 36.Red4+ Kc8  0-1

[Event "1st Forni Open"]
[Site "Forni di Sopra ITA"]
[Date "2011.06.14"]
[Round "4"]
[White "Papp,Ga"]
[Black "Stopa,Ja"]
[Result "1/2-1/2"]
[WhiteElo "2553"]
[BlackElo "2460"]

1.e4 e6 2.d4 d5 3.Nd2 Be7 4.c3 dxe4 5.Nxe4 Nd7 6.Nf3 Ngf6 7.Nxf6+ Nxf6 8.Bd3 O-O
9.Qe2 b6 10.Bg5 Bb7 11.O-O-O a5 12.Ne5 a4 13.a3 Ra5 14.Bxf6 Bxf6 15.f4 Qe7
16.Rhe1 c5 17.dxc5 Bxe5 18.Qxe5 Rxc5 19.Qe2 Qf6 20.g3 Bd5 21.Bc2 b5 22.Rd4 Bc4
23.Qe3 Rfc8 24.Red1 g6 25.Rd8+ Rxd8 26.Qxc5 Rxd1+ 27.Kxd1 Qd8+ 28.Qd4 Qc8
29.Qe5 f5 30.Kc1 Qb7 31.Bd1 Qh1  1/2-1/2

[Event "Lviv Open Championship"]
[Site "Lviv UKR"]
[Date "2011.06.14"]
[Round "9.5"]
[White "Franchuk,S"]
[Black "Leshchyshak,I"]
[Result "1/2-1/2"]
[WhiteElo "2017"]
[BlackElo "2137"]

1.e4 e6 2.d4 d5 3.Nd2 Nc6 4.Ngf3 Nf6 5.e5 Nd7 6.c3 f6 7.exf6 Qxf6 8.Bd3 Bd6
9.Qc2 g6 10.Nf1 O-O 11.Bh6 Re8 12.Bg5 Qf7 13.O-O-O e5 14.dxe5 Ndxe5 15.Nxe5 Nxe5
16.Ne3 c6 17.h4 Nxd3+ 18.Rxd3 Qg7 19.Nc4 Bc7 20.Re3 Bf5 21.Qe2 Bd7 22.Re1 dxc4
23.Rxe8+ Rxe8 24.Qxe8+ Bxe8 25.Rxe8+ Kf7 26.Re7+ Kf8 27.Rxg7 Kxg7 28.g4 Kf7
29.Kd2 Ke6 30.Ke3 Kd5 31.f4 Bb6+ 32.Kf3 Bg1 33.Bf6 b5 34.f5 gxf5 35.gxf5 a5
36.a3 c5 37.Be7 Ke5 38.f6 Ke6 39.h5 a4 40.Ke4 Bf2 41.Bd8 Bg3 42.Be7 Bh4 43.Bxc5 Bxf6
44.Be3 Bd8 45.Bd2 Bb6 46.Bf4 Bc5 47.Bd2 Bf2 48.Kf3 Bc5 49.Ke4 Bb6 50.Bf4 Bc5
51.Bd2 Bg1 52.Bc1  1/2-1/2

[Event "DJEM U16"]
[Site "Oberhof GER"]
[Date "2011.06.14"]
[Round "5.12"]
[White "Titgemeyer,S"]
[Black "Holle,C"]
[Result "1/2-1/2"]
[WhiteElo "2028"]
[BlackElo "1832"]

1.e4 e6 2.d4 d5 3.Nd2 Be7 4.c3 c5 5.Bd3 Nc6 6.Ne2 cxd4 7.cxd4 Nb4 8.Bb1 dxe4
9.Nxe4 Nd5 10.O-O Ngf6 11.a3 O-O 12.Qd3 b6 13.b4 a5 14.b5 Bb7 15.Bb2 Kh8
16.f3 Qd7 17.Kh1 Rfd8 18.Nxf6 Nxf6 19.Nf4 g6 20.d5 Bxd5 21.Nh5 e5 22.Bxe5 Qe6
23.Re1 Kg8 24.Nf4 Qc8 25.Bxf6 Bxf6 26.Nxd5 Rxd5 27.Qxd5 Bxa1 28.Be4 Bc3 29.Rc1 Ra7
30.Qc6  1/2-1/2

[Event "Voronezh Master Open"]
[Site "Voronezh RUS"]
[Date "2011.06.15"]
[Round "4.35"]
[White "Kruchev,B"]
[Black "Dogodkina,J"]
[Result "0-1"]
[WhiteElo "2256"]
[BlackElo "2120"]

1.e4 e6 2.d4 d5 3.Nd2 Nc6 4.Ngf3 Nf6 5.e5 Nd7 6.Nb3 a5 7.a4 b6 8.Bb5 Ncb8
9.O-O Ba6 10.Qe2 c6 11.Bxa6 Nxa6 12.Be3 Be7 13.Ne1 O-O 14.f4 f5 15.exf6 Nxf6
16.Nd3 Bd6 17.Kh1 Qe7 18.c3 c5 19.Nd2 cxd4 20.Bxd4 Nc5 21.Be5 Nfd7 22.Rae1 Bxe5
23.Nxe5 Nxe5 24.Qxe5 Nd3 25.Qxe6+ Qxe6 26.Rxe6 Nxb2 27.Rxb6 Nxa4 28.Rb3 Rfc8
29.Rf3 Nc5 30.Ra3 a4 31.Rf1 Rab8 32.Ra2 Re8 33.h3 Re3 34.Rc1 Rf8 35.Nf1 Rd3
36.g3 Rb8 37.Kg2 Rb3 38.c4 d4 39.Re2 a3 40.Re8+ Kf7 41.Rce1 Rb2+ 42.Kg1 Rb7
43.Ra8 Rc3 44.Ra5 Rxc4 45.Rxa3 Rc3 46.Ra8 Re7 47.Rd1 Nb3 48.Ra3 Rec7 49.Kf2 Ke6
50.h4 Kd5 51.h5 Kc5 52.Rb1 Kb4 53.Ra8 Rc2+ 54.Kf3 Kc3 55.Ra3 Rb7 56.f5 Rb2
57.Re1 d3 58.h6 Kb4 59.hxg7 Rxg7 60.Ra8 Nd4+ 61.Kf4 Rf2+ 62.Ke5 Re7+ 63.Kxd4 Rxe1
64.Rb8+ Ka5 65.Ne3 d2 66.Nc4+ Ka6  0-1

[Event "1st Forni Open"]
[Site "Forni di Sopra ITA"]
[Date "2011.06.16"]
[Round "7"]
[White "Antoniewski,R"]
[Black "Matamoros Franco,C"]
[Result "1/2-1/2"]
[WhiteElo "2598"]
[BlackElo "2542"]

1.e4 e6 2.d4 d5 3.Nd2 Nc6 4.Ngf3 Nf6 5.e5 Nd7 6.c3 f6 7.Bb5 fxe5 8.dxe5 Be7
9.O-O O-O 10.Qe2 Qe8 11.Re1 Qh5 12.Nf1 Rxf3 13.Ng3 Qf7 14.Qxf3 Qxf3 15.gxf3 Ndxe5
16.Be2 Ng6 17.f4  1/2-1/2

[Event "1st Forni Open"]
[Site "Forni di Sopra ITA"]
[Date "2011.06.16"]
[Round "7"]
[White "Korneev,O"]
[Black "Stopa,Ja"]
[Result "1/2-1/2"]
[WhiteElo "2573"]
[BlackElo "2460"]

1.e4 e6 2.d4 d5 3.Nd2 Be7 4.Ngf3 Nf6 5.e5 Nfd7 6.Bd3 c5 7.c3 Nc6 8.O-O g5
9.dxc5 g4 10.Nd4 Ndxe5 11.Bb5 Bd7 12.N2b3 h5 13.Re1 Ng6 14.Nxc6 Bxc6 15.Bd3 Rg8
16.Bxg6 Rxg6 17.Bf4 Qd7 18.Qe2 h4 19.Rad1 Kf8 20.Qe5 Bf6 21.Qh5 Kg7 22.Be5 Qd8
23.Nd4 Bxe5 24.Qxe5+ Qf6 25.Qc7 Qd8 26.Qe5+ Qf6 27.b4 Rc8 28.a4 a6 29.a5 Rg5
30.Qxf6+ Kxf6 31.f4 gxf3 32.Nxf3 Rg4 33.h3 Re4 34.Rf1 Kg6 35.Rd4  1/2-1/2

[Event "49th National Challengers ch-IND"]
[Site "Aurangabad IND"]
[Date "2011.06.18"]
[Round "4"]
[White "Saravana,Kr"]
[Black "Kamble,V"]
[Result "0-1"]
[WhiteElo "2300"]
[BlackElo "2406"]

1.e4 e6 2.d4 d5 3.Nd2 Nc6 4.Ngf3 Nf6 5.e5 Nd7 6.Bd3 Nb4 7.Be2 c5 8.c3 Nc6
9.O-O g6 10.dxc5 Nxc5 11.Nb3 Nd7 12.Bg5 Qc7 13.Bf6 Nxf6 14.exf6 Qf4 15.Bb5 Qxf6
16.Na5 a6 17.Ba4 Bd7 18.Nxb7 Rb8 19.Bxc6 Bxc6 20.Na5 Bd7 21.Re1 Be7 22.b4 Qxc3
23.Ne5 Bxb4 24.Re3 Qc7 25.Nb3 O-O 26.Rc1 Qd6 27.Qg4 Ba3 28.Rd1 Bb2 29.f4 Rb4
30.Qe2 Bxe5 31.fxe5 Qb6 32.Kh1 Ba4 33.Rb1 a5 34.Rh3 Bxb3 35.axb3 Re4 36.Qb2 Rc8
37.Rf1 Qd4 38.Qa3 Rf4 39.Rg1 Rc2 40.Rg3 Rf5 41.Ra1 Rcf2  0-1

[Event "e2e4 Gatwick Open"]
[Site "London ENG"]
[Date "2011.06.18"]
[Round "3"]
[White "Quillan,G"]
[Black "Lock,G"]
[Result "0-1"]
[WhiteElo "2399"]
[BlackElo "2159"]

1.e4 e6 2.d4 d5 3.Nd2 Nc6 4.Ngf3 Nf6 5.e5 Nd7 6.Nb3 a5 7.a4 Be7 8.Bb5 Na7
9.Bd3 b6 10.O-O O-O 11.c3 c5 12.dxc5 Nxc5 13.Bb1 Ba6 14.Re1 Rc8 15.Nbd4 Rc7
16.Bf4 Ne4 17.Nd2 Nxd2 18.Qxd2 Nc6 19.Nb5 Bxb5 20.axb5 Nb8 21.Re3 Nd7 22.Rh3 g6
23.Bg3 Re8 24.Bd3 Bg5 25.Bf4 Bxf4 26.Qxf4 Nf8 27.Qd4 Rc8 28.Re1 Qc7 29.Rh4 Qc5
30.Qf4 Rc7 31.Re3 Ra8 32.Qa4 Rd8 33.Rf4 Rcd7 34.Rd4 Rc8 35.h4 Rdc7 36.h5 Qe7
37.Rf4 Qg5 38.Be2 Rc4 39.Rxc4 dxc4 40.Qc2 Nd7 41.Qe4 Rc5 42.f4 Qh4 43.Bxc4 Qxh5
44.Be2 Qh4 45.Bf1 Rd5 46.Qf3 Kg7 47.Qf2 Qe7 48.c4 Rd1 49.Rd3 Rxd3 50.Bxd3 Nc5
51.Qd4 Qh4 52.Bf1 Qe1 53.f5 gxf5 54.Qf4 h6 55.Kh2 Nd7 56.Qg3+ Qxg3+ 57.Kxg3 Nxe5
58.c5 bxc5 59.Kf4 Kf6 60.Ke3 Nd7  0-1

[Event "ODEM U25-A"]
[Site "Oberhof GER"]
[Date "2011.06.18"]
[Round "9.25"]
[White "Linnemann,Niklas"]
[Black "Meulner,Fabian"]
[Result "1/2-1/2"]
[WhiteElo "1847"]
[BlackElo "1823"]

1.e4 e6 2.d4 d5 3.Nd2 a6 4.e5 c5 5.c3 Nc6 6.Ngf3 cxd4 7.cxd4 f6 8.exf6 Nxf6
9.Bd3 Bd6 10.O-O O-O 11.h3 Bd7 12.Re1 Qb6 13.Nf1 Rae8 14.Re2 Kh8 15.Bb1 Nd8
16.Bg5 Bb5 17.Bxf6 Rxf6 18.Qc2 g6 19.Re1 Bxf1 20.Kxf1  1/2-1/2

[Event "Voronezh FIDE Open"]
[Site "Voronezh RUS"]
[Date "2011.06.18"]
[Round "7.17"]
[White "Davidenko,Evgeny"]
[Black "Yakimenko,Alex"]
[Result "0-1"]
[WhiteElo "2004"]
[BlackElo "2225"]

1.e4 e6 2.d4 d5 3.Nd2 Nc6 4.Ngf3 Nf6 5.e5 Nd7 6.Nb3 Be7 7.Bb5 Ncb8 8.O-O c6
9.Bd3 b6 10.Be3 a5 11.c3 Ba6 12.Nc1 c5 13.Ne2 Bxd3 14.Qxd3 c4 15.Qc2 b5 16.Nd2 O-O
17.f4 f5 18.exf6 Bxf6 19.Nf3 Nc6 20.Ne5 Bxe5 21.fxe5 Qc7 22.Nf4 b4 23.Qe2 bxc3
24.bxc3 Rab8 25.Qg4 Nd8 26.Rf2 a4 27.Raf1 a3 28.Nxd5 Qc8 29.Rxf8+  0-1

[Event "4th Karen Asrian Memorial"]
[Site "Jermuk ARM"]
[Date "2011.06.19"]
[Round "4"]
[White "Pluzyan,A"]
[Black "Poghosyan,S"]
[Result "1-0"]
[WhiteElo "2119"]
[BlackElo "2341"]

1.e4 e6 2.d4 d5 3.Nd2 Nc6 4.Ngf3 Nf6 5.e5 Nd7 6.c3 f6 7.exf6 Qxf6 8.Bd3 Bd6
9.Qc2 e5 10.Bxh7 Nf8 11.dxe5 Nxe5 12.Bd3 Bg4 13.Be2 O-O-O 14.Nxe5 Qxe5 15.Ne4 Bf5
16.Nxd6+ Rxd6 17.Qa4 Ne6 18.f4 Qf6 19.Qxa7 Re8 20.O-O Nd4 21.Bh5 g6 22.Bd1 Ne2+
23.Bxe2 Rxe2 24.Be3 Re6 25.Bd4 Qh4 26.Qa8+ Kd7 27.Qa4+ c6 28.Bf2 Qg4 29.h3 Qh5
30.Qb4 Bxh3 31.Qxb7+ Ke8 32.Qc8+ Kf7 33.Qd7+ Kg8 34.gxh3 Qxh3 35.Qd8+ Kf7
36.Qh4 Qf5 37.Rae1 g5 38.Qh5+ Rg6 39.Qh7+  1-0

[Event "80th ch-UKR 2011"]
[Site "Kiev UKR"]
[Date "2011.06.19"]
[Round "9"]
[White "Kryvoruchko,Y"]
[Black "Vovk,Y"]
[Result "1/2-1/2"]
[WhiteElo "2640"]
[BlackElo "2550"]

1.e4 e6 2.d4 d5 3.Nd2 Be7 4.Ngf3 Nf6 5.e5 Nfd7 6.Bd3 c5 7.c3 b6 8.O-O Ba6
9.Ne1 Qc8 10.Qg4 g6 11.Ndf3 h6 12.h4 Nc6 13.Be3 Qb7 14.h5 g5 15.Nh2 O-O-O
16.Qe2 Bxd3 17.Nxd3 c4 18.Ne1 f5 19.exf6 Nxf6 20.b3 Bd6 21.bxc4 Qf7 22.g4 e5
23.cxd5 exd4 24.cxd4 Qxd5 25.Rc1 Kb7 26.Nef3 Qe4 27.Qc2 Rhe8 28.Qxe4 Rxe4
29.Rfd1 Nb4 30.a4 Nbd5 31.Ne5 Nxe3 32.fxe3 Rxe3 33.Rf1 Rg3+ 34.Kh1 Bxe5 35.dxe5 Nxg4
36.Rf7+ Ka6 37.Nxg4 Rxg4 38.Rcc7 Rxa4 39.Rxa7+ Kb5 40.Rxa4 Kxa4 41.Rf6 b5
42.Ra6+ Kb3 43.Rxh6 Re8 44.Rb6 Rxe5 45.h6 b4 46.h7 Re8 47.Kg2 Kc3 48.Kg3 b3
49.Kg4 Rh8 50.Rb7 b2 51.Rc7+  1/2-1/2

[Event "US Junior Championship"]
[Site "Saint Louis USA"]
[Date "2011.06.19"]
[Round "4"]
[White "Young,G"]
[Black "Holt,C"]
[Result "1-0"]
[WhiteElo "2327"]
[BlackElo "2417"]

1.e4 e6 2.d4 d5 3.Nd2 Be7 4.Bd3 c5 5.dxc5 Nf6 6.Qe2 O-O 7.Ngf3 a5 8.O-O Na6
9.e5 Nd7 10.c4 Ndxc5 11.Bb1 Nb4 12.Rd1 b6 13.Nd4 dxc4 14.Nxc4 Ba6 15.a3 Nd5
16.Qc2 g6 17.Bh6 Re8 18.Nc6 Qc7 19.Nxe7+ Rxe7 20.Nd6 a4 21.Ba2 Nd3 22.Qe2 N3f4
23.Qe4 Nh5 24.Rac1 Qd7 25.Bg5  1-0

[Event "64th ch-RUS HL"]
[Site "Taganrog RUS"]
[Date "2011.06.19"]
[Round "5"]
[White "Rodin,D"]
[Black "Goganov,A"]
[Result "1/2-1/2"]
[WhiteElo "2404"]
[BlackElo "2480"]

1.e4 e6 2.d4 d5 3.Nd2 Be7 4.Ngf3 Nf6 5.e5 Nfd7 6.Nb3 a5 7.a4 b6 8.Be3 Ba6
9.Bxa6 Nxa6 10.O-O O-O 11.Rc1 c5 12.c4 dxc4 13.Rxc4 Qb8 14.dxc5 Naxc5 15.Nxc5 Nxc5
16.Qc2 Rd8 17.Rd1 Rxd1+ 18.Qxd1 Qb7 19.Rd4 Qc7 20.h3 Rc8 21.h4 h6 22.h5 Bf8
23.Rg4 Kh8 24.Qe2 Rd8 25.Qb5 Rd1+ 26.Kh2 Nd7 27.Qc4 Qxc4 28.Rxc4 Bc5 29.Bxc5 bxc5
30.g4 Rd3 31.Rf4 Kg8 32.g5 hxg5 33.Nxg5 Nxe5 34.Kg2 Rd2 35.b3 Rd3 36.Re4 Rd5
37.Nh3 Nd3 38.Re3 Nb4 39.Nf4 Rf5 40.Kg3 Kh7 41.Re2 Kh6 42.Rd2 Nd5 43.Ng2 Rxh5
44.Rc2 Rg5+ 45.Kf3 Rf5+ 46.Kg3 Rg5+ 47.Kf3 Nb4 48.Rc3 Nc6 49.Ne3 Kg6 50.Ke2 Kf6
51.Kd3 Ke7 52.Kc4 Kd6 53.Kb5 Rh5 54.Kb6 Ne5 55.f4 Nd7+ 56.Kb7 c4 57.Nxc4+ Ke7
58.Ka6 Nc5+ 59.Kb6 Nd7+ 60.Ka6 Rc5 61.Rg3 Rf5 62.Nxa5 Nc5+ 63.Kb6 Nd7+ 64.Ka6 Rxf4
65.b4 Ne5 66.Kb5 Kd6 67.Nb7+ Kc7 68.Nc5 Nc4 69.Nxe6+ fxe6 70.Rc3 g5 71.Rxc4+ Rxc4
72.Kxc4 g4  1/2-1/2

[Event "25th Open Pula"]
[Site "Pula CRO"]
[Date "2011.06.20"]
[Round "3.15"]
[White "Bellia,F"]
[Black "Eriksson,Jor"]
[Result "1-0"]
[WhiteElo "2415"]
[BlackElo "2241"]

1.e4 e6 2.d4 d5 3.Nd2 Be7 4.Bd3 c5 5.dxc5 Nf6 6.Qe2 O-O 7.Ngf3 a5 8.O-O Na6
9.e5 Nd7 10.c3 Naxc5 11.Bc2 f6 12.Nb3 b6 13.Re1 Ba6 14.Qd1 fxe5 15.Nxe5 Nxe5
16.Rxe5 Bf6 17.Nxc5 bxc5 18.Rxe6 d4 19.Rxa6 Rxa6 20.Qd3 Rc6 21.Qxh7+ Kf7
22.Qh5+ Ke7 23.Bf4 Qb6 24.Re1+ Re6 25.Rxe6+ Kxe6 26.Bb3+ Ke7 27.Qe2+ Kd8
28.Qe4 dxc3 29.bxc3 Bxc3 30.Qd5+ Ke7 31.g3 Bd4 32.Kg2 Rxf4 33.gxf4 Qg6+ 34.Qg5+ Qf6
35.h4 Kf8 36.Kg3 Ke7 37.h5 Kf8 38.Qd5 Ke7 39.Qb7+ Kd8 40.Qa8+ Ke7 41.Qa7+ Ke8
42.Ba4+ Kf8 43.Qa8+ Ke7 44.Qe8+  1-0

[Event "64th ch-RUS HL"]
[Site "Taganrog RUS"]
[Date "2011.06.20"]
[Round "6"]
[White "Ponkratov,P"]
[Black "Grachev,B"]
[Result "1/2-1/2"]
[WhiteElo "2582"]
[BlackElo "2669"]

1.e4 e6 2.d4 d5 3.Nd2 a6 4.Ngf3 c5 5.exd5 exd5 6.dxc5 Bxc5 7.Nb3 Bb6 8.Bg5 f6
9.Bf4 Qe7+ 10.Be2 Qb4+ 11.Bd2 Qd6 12.O-O Ne7 13.c4 Nbc6 14.Qc1 Bc7 15.Re1 dxc4
16.Qxc4 Be6 17.Qa4 O-O 18.Rad1 b5 19.Qh4 Nf5 20.Qe4 Bxb3 21.axb3 Ncd4 22.Bb4 Qxb4
23.Nxd4 Nxd4 24.Qxd4 Qxd4 25.Rxd4 Rad8 26.Rxd8 Rxd8 27.Rd1 Rxd1+ 28.Bxd1 Be5
29.Bf3 Bxb2 30.Bb7 a5 31.Bc6 b4 32.h4 g6 33.Bf3 f5 34.Bd5+ Kg7 35.g3 Bc3
36.Kf1 Kf6 37.Ke2 Ke5 38.Bg8 h6 39.Bf7 g5 40.hxg5 hxg5 41.Be8  1/2-1/2

[Event "Voronezh Master Open"]
[Site "Voronezh RUS"]
[Date "2011.06.20"]
[Round "8.1"]
[White "Deviatkin,A"]
[Black "Rakhmanov,Ale"]
[Result "1/2-1/2"]
[WhiteElo "2578"]
[BlackElo "2579"]

1.e4 e6 2.d4 d5 3.Nd2 Be7 4.Ngf3 Nf6 5.e5 Nfd7 6.Bd3 c5 7.c3 Nc6 8.O-O O-O
9.Re1 f6 10.exf6 Nxf6 11.Nf1 Qc7 12.Bg5 Bd6 13.Bh4 Bd7 14.Bg3 b6 15.Rc1 Rae8
16.Ne5 Re7 17.b4 c4 18.Bc2 Be8 19.Nxc6 Qxc6 20.Ne3 Bh5 21.Qd2 Bxg3 22.hxg3 Qe8
23.f3 Bg6 24.Re2 e5 25.dxe5 Rxe5 26.Rce1 Bxc2 27.Nxc2 Rxe2 28.Rxe2 Qg6 29.g4 h6
30.Nd4 Re8 31.a4 Rxe2 32.Qxe2 h5 33.Qe6+ Kh7 34.gxh5 Qxh5 35.Kf2 Qh4+ 36.Ke2 Nh5
37.Qf5+ Kh8 38.Qf8+ Kh7 39.Qf5+ Kh8 40.Qc8+ Kh7 41.Qg4 Ng3+ 42.Ke3 Nf1+ 43.Ke2 Ng3+  1/2-1/2